Meilleurs pays en athlétisme par Jeux Olympiques - Statistiques

Statistiques générales
  • Ce quiz a été pris 328 fois
  • Le résultat moyen est 74 sur 88
Statistiques - réponses
Jeux Pays Nombre de Médailles % Correct
Athènes 1896 États Unis 17
100%
Paris 1900 États Unis 39
100%
Saint Louis 1904 États Unis 67
100%
Londres 1908 États Unis 34
100%
Stockholm 1912 États Unis 42
100%
Anvers 1920 États Unis 29
100%
Paris 1924 États Unis 32
100%
Amsterdam 1928 États Unis 25
100%
Los Angeles 1932 États Unis 35
100%
Berlin 1936 États Unis 25
100%
Londres 1948 États Unis 27
100%
Helsinki 1952 États Unis 31
100%
Melbourne 1956 États Unis 31
100%
Rome 1960 États Unis 26
100%
Tokyo 1964 États Unis 24
100%
Mexico 1968 États Unis 28
100%
États Unis 22
100%
États Unis 22
100%
Los Angeles 1984 États Unis 40
100%
Séoul 1988 États Unis 26
100%
Barcelone 1992 États Unis 30
100%
Atlanta 1996 États Unis 23
100%
Sydney 2000 États Unis 16
100%
Athènes 2004 États Unis 25
100%
Pékin 2008 États Unis 25
100%
Londres 2012 États Unis 28
100%
Rio de Janeiro 2016 États Unis 32
100%
Tokyo 2020 États Unis 26
100%
Allemagne 16
95%
Allemagne 10
95%
Allemagne 7
95%
Allemagne de l'Ouest 11
95%
Équipe Unifiée d'Allemagne 13
95%
Grande Bretagne 8
93%
Grande Bretagne 2
93%
Grande Bretagne 17
93%
Grande Bretagne 12
93%
Grande Bretagne 11
93%
Grande Bretagne 8
93%
Grande Bretagne 12
93%
Grande Bretagne 10
93%
Grande Bretagne 16
93%
Grande Bretagne 4
93%
Grande Bretagne 6
93%
Russie 10
91%
Russie 19
91%
Canada 2
89%
Canada 1
89%
Canada 8
89%
Italie 5
87%
Jamaïque 11
83%
Jamaïque 13
83%
Jamaïque 11
83%
Australie 2
79%
Australie 4
79%
Australie 12
79%
Suède 5
74%
Suède 15
74%
Suède 13
74%
Équipe Unifiée 21
73%
Union Soviétique 22
73%
Union Soviétique 21
73%
Union Soviétique 18
73%
Union Soviétique 13
73%
Munich 1972 Union Soviétique 17
73%
Union Soviétique 18
73%
Moscou 1980 Union Soviétique 41
73%
Union Soviétique 26
73%
Kenya 8
72%
Kenya 16
72%
Kenya 13
72%
Kenya 10
72%
Grèce 10
67%
Pologne 4
66%
Pays Bas 6
63%
Éthiopie 8
61%
Allemagne de l'Est 20
53%
Montréal 1976 Allemagne de l'Est 27
53%
Allemagne de l'Est 29
53%
Allemagne de l'Est 27
53%
Finlande 13
53%
Finlande 16
53%
Finlande 17
53%
Finlande 14
53%
Finlande 11
53%
Finlande 10
53%
Hongrie 2
49%
Tchécoslovaquie 5
37%
Aucun quiz correspondant
Distribution des résultats
% des personnes avec chaque résultat
Percentile par nombre de réponses
Votre historique - résultats
Vous n’avez pas pris ce quiz